000 00498nam a2200181Ia 4500
005 20250508153025.0
008 008 250505s9999 xx 000 0 eng d
037 _aTextual
040 _aFEDL
_beng
_cFEDL
041 _aeng
_2eng
084 _a378.130 4NIB
_qFEDL
100 _aNiblett W R
245 0 _aExpanding University : A report
260 _aLondon, UK
_bFaber and Faber Limited
_c1962
300 _a132p
942 _cTEXL
_h378.130 4NIB
999 _c1340210
_d1340210